000 01187cam a22002775a 4500
001 L159545
008 100114s2017 xxk f 000 0 eng d
035 _a(Sirsi) u159545
041 0 _aeng
050 0 4 _a690 $2 18
110 2 _aBuilding Research Establishment
245 0 0 _aSustainability catalogue
_bBRE Connect CD 3 2017
_h[electronic resource]
260 _aWatford
_bBRE Press
_c2017
300 _a1 CD-ROM
505 2 _aBR 292 Cracking in buildings -- BR 502 Sustainability in the built environment -- BR 487 Designing quality buildings -- EP 85 Hemp lime construction -- FB 44 Energy management in the built environment -- FB 16 Knock it down or do it up?
520 _aContains technical reports and guidance on good construction practice issued by BRE during 2017.
650 2 4 _aENERGY MANAGEMENT
650 2 4 _aCRACKING
650 2 4 _aSUSTAINABILITY
_96271
650 2 4 _aSUSTAINABLE DESIGN
650 2 4 _aHEMP
651 4 _aUnited Kingdom
690 _aBUILT ENVIRONMENT
856 4 8 _uhttps://www.rics.org/profession-standards/knowledge-and-information-services
_zCDs can only be used in the library and you would need to bring your own device
942 _n0
_2ddc
999 _c85472
_d85472